Mujeres chilenas: fragmentos de una historia
Gardado en:
| Autor Principal: | |
|---|---|
| Formato: | Libro |
| Idioma: | Lingua castelá |
| Publicado: |
Santiago
Catalonia
2008
|
| Subjects: | |
| Tags: |
Engadir etiqueta
Sen Etiquetas, Sexa o primeiro en etiquetar este rexistro!
|
MARC
| LEADER | 00000cam a2200000 a 4500 | ||
|---|---|---|---|
| 001 | UCI7043 | ||
| 003 | CL-VaPUC | ||
| 008 | 080605e20080000CL |||||||||||||||||spa|d | ||
| 020 | |a 97895680303853 | ||
| 082 | 0 | 4 | |a 305.42 |b MON |2 21 |
| 100 | |a Montecino Aguirre, Sonia |e autora |9 342204 | ||
| 245 | 1 | 0 | |a Mujeres chilenas: fragmentos de una historia |
| 300 | |a 625 p | ||
| 942 | |c BK | ||
| 945 | |d 20080605 00:00:00 |a jtorresc | ||
| 260 | |a Santiago |b Catalonia |c 2008 | ||
| 650 | 0 | |a Mujeres |9 257649 | |
| 650 | 0 | |a Derechos de la mujer |9 257074 | |
| 650 | 0 | |a Trabajo de la mujer |9 308425 | |
| 650 | 0 | |a Movimiento feminista |9 430458 | |
| 650 | 0 | |a Sexualidad |9 358183 | |
| 650 | 0 | |a Feminismo |9 259085 | |
| 650 | 7 | |a EDUCACION DE LA MUJER |2 CL-VaPUC |9 307884 | |
| 650 | 0 | |a Historia social |9 313638 | |
| 583 | |a last modification |c 20120814 11:51:58 |k Rodrigo Vera | ||
| 999 | |c 330442 |d 330440 | ||
| 952 | |0 0 |1 0 |4 0 |6 305_420000000000000_MON_2008 |7 0 |8 A |9 415983 |a BIBHIS |b BIBHIS |d 2019-11-22 |i 4445252 |l 6 |o 305.42 MON 2008 |p 4445252 |r 2025-04-09 |s 2025-04-09 |w 2019-11-22 |y BK |k HIS | ||
| 952 | |0 0 |1 0 |4 0 |6 305_420000000000000_MON_2008 |7 0 |8 A |9 415984 |a BIBCUR |b BIBCUR |d 2019-11-22 |i 4482808 |o 305.42 MON 2008 |p 4482808 |r 2025-04-22 |w 2019-11-22 |y BK |k PER | ||
| 952 | |0 0 |1 0 |4 0 |6 305_420000000000000_MON_2008 |7 0 |8 A |9 415985 |a BIBHIS |b BIBHIS |d 2019-11-22 |i 4693965 |l 1 |o 305.42 MON 2008 |p 4693965 |r 2023-01-25 |s 2020-04-20 |w 2019-11-22 |y BK |k HIS | ||
| 952 | |0 0 |1 0 |4 0 |6 305_420000000000000_MON_2008 |7 0 |8 A |9 415986 |a BIBGIM |b BIBGIM |d 2019-11-22 |i 4894308 |l 1 |o 305.42 MON 2008 |p 4894308 |r 2025-01-15 |s 2024-06-18 |w 2019-11-22 |y BK |k SSL | ||